Historia del derecho (Registro nro. 12109)
[ vista simple ]
| 000 -Cabecera | |
|---|---|
| Campo de control de longitud fija | 01028nam a22004217a 4500 |
| 005 - Fecha y hora de la última transacción | |
| Campo de control | 20250819135516.0 |
| 008 - Elementos de longitud fija--Información general | |
| Campo de control de longitud fija | 190621b2002 xxu||||| |||| 00| 0 spa d |
| 020 ## - International Standard Book Number | |
| Número Internacional Estándar del Libro (ISBN) | 9968784346 |
| 041 ## - Idioma | |
| Código de idioma | Español |
| 082 ## - Clasificación Decimal Dewey | |
| Número de clasificación | 340.1 B837h |
| 100 ## - Entrada principal--Autor personal | |
| Nombre personal | Brenes Córdoba, Alberto |
| 9 (RLIN) | 54727 |
| 245 ## - Título propiamente dicho | |
| Título | Historia del derecho |
| 260 ## - Pie de imprenta | |
| Lugar de publicación, distribución, etc. | Costa Rica |
| 260 ## - Pie de imprenta | |
| Nombre del editor, distribuidor, etc. | Editorial Jurídica Continental |
| 260 ## - Pie de imprenta | |
| Fecha de publicación, distribución, etc. | 2002 |
| 300 ## - Descripción física | |
| Extensión | 360 páginas |
| 490 ## - Serie | |
| Título de la Serie | Investigación Criminal |
| 650 ## - Materia general | |
| Temática (materia general) | COSTA RICA |
| 650 ## - Materia general | |
| Temática (materia general) | DERECHO |
| 650 ## - Materia general | |
| Temática (materia general) | HISTORIA |
| 650 ## - Materia general | |
| Temática (materia general) | DERECHO ORIENTAL |
| 650 ## - Materia general | |
| Temática (materia general) | EGIPTO |
| 650 ## - Materia general | |
| Temática (materia general) | PERSIA |
| 650 ## - Materia general | |
| Temática (materia general) | INDIA |
| 650 ## - Materia general | |
| Temática (materia general) | LOS HEBREOS |
| 650 ## - Materia general | |
| Temática (materia general) | CÓDIGO DE HAMURABI |
| 650 ## - Materia general | |
| Temática (materia general) | DERECHO OCCIDENTAL |
| 650 ## - Materia general | |
| Temática (materia general) | GRECIA |
| 650 ## - Materia general | |
| Temática (materia general) | ROMA |
| 650 ## - Materia general | |
| Temática (materia general) | IMPERIO ROMANO |
| 650 ## - Materia general | |
| Temática (materia general) | EDAD MEDIA |
| 650 ## - Materia general | |
| Temática (materia general) | EDAD MODERNA |
| 650 ## - Materia general | |
| Temática (materia general) | ISLAMISMO |
| 650 ## - Materia general | |
| Temática (materia general) | EVOLUCIÓN DEL DERECHO PENAL |
| 650 ## - Materia general | |
| Temática (materia general) | ESTADOS UNIDOS |
| 650 ## - Materia general | |
| Temática (materia general) | AMÉRICA LATINA |
| 942 ## - Punto de acceso adicional KOHA | |
| Tipo de ítem KOHA | Libro |
| Fuente del sistema de clasificación o colocación | Dewey Decimal Classification |
| Signatura completa | Código de barras | Programa Académico | Tipo de ítem |
|---|---|---|---|
| 340.09 B837h | 8090 | Investigación Criminal | Libro |